000 00869cam a2200217 4500
001 ABS62868
008 000000n2000 000 0 eng u
035 _a(Sirsi) u108356
245 _aBrussels launches overhaul of environmental information rules
260 _c2000
490 _aENDS Report
_v(307) August 2000, 40-42(3)
520 _aLooks at the reform of the 1990 EC Directive on access to environmental information. Focuses on the key proposal for a new 'public interest' test to be used when an authority is considering withholding information. http://europa.eu.int/comm/environment/docum/00402_en.htm
590 _aABS
650 _aENVIRONMENTAL INFORMATION
650 _aEC DIRECTIVES
650 _aPUBLIC INTEREST
650 _aPUBLIC AUTHORITIES
650 _aEUROPEAN COMMUNITY
690 _aENVIRONMENTAL AND LAND CONSULTANCY
942 _n0
999 _c64689
_d64689